banner-ar

K.MCUX: THE CLASS STRUGGLES IN FRANCE 1848 TO 1850 / (Record no. 12012)

MARC details
000 -الفاتح
حقل البيانات ثابتة الطول 00525nam a2200193Ia 4500
008 - عناصر البيانات ثابتة الطول - معلومات عامة
حقل البيانات ثابتة الطول 140319s9999 xx 000 0 eng d
040 ## - مصدر الفهرسة
وكالة الفهرسة الأصلية GCL /
وكالة النسخ GCL
082 04 - رقم تصنيف ديوى العشرى
رقم التصنيف 335.4
رقم المادة E K
100 1# - المدخل الرئيسى - إسم شخصى
الإسم الشخصى MARXIAM SYSTEMS
245 10 - بيان العنوان
العنوان K.MCUX: THE CLASS STRUGGLES IN FRANCE 1848 TO 1850 /
بيان المسئوليه,etc MARXIAM SYSTEMS
700 1# - المدخل الاضافى - اسم شخصى
الإسم الشخصى MARXIAM THEORY
700 1# - المدخل الاضافى - اسم شخصى
الإسم الشخصى ENGELS,FREDERICK
260 ## - PUBLICATION, DISTRIBUTION, ETC. (IMPRINT)
تاريخ النشر أو التوزيع 1968
300 ## - الوصف المادى
التعداد 142P
650 04 - المدخل الاضافى بالموضوع-مصطلح موضوعى
مصطلح موضوعي MARXIAM SYSTEM
650 04 - المدخل الاضافى بالموضوع-مصطلح موضوعى
مصطلح موضوعي MARXIAM THEORY
942 ## - عناصر المدخل الإضافي( كوها)
مصدر التصنيف او مخطط الترفيف Dewey Decimal Classification
Koha [default] item type كتاب
260 ## - PUBLICATION, DISTRIBUTION, ETC. (IMPRINT)
-- [S.N] :
-- PROGRESS PUBLISHERS ،
Holdings
حالة التراجع حالة الفقد حالة تلف ليس للاعارة المكان المؤقت الموقع الحالى تاريخ الاكتساب اجمالي اﻻعارات رقم الطلب الباركود تاريخ اخر مشاهدة تاريخ تفعيل السعر نوع وعاء كوها
        مكتبة القاهرة الكبرى مكتبة القاهرة الكبرى 03/26/2014   335.4\E K 23555 03/26/2014 03/26/2014 كتاب

Powered By

EGPV